000 01221nam a22003497a 4500
001 0035631
003 KOHA_MİRAKIL
005 20260207002947.0
007 ta
008 120224b1977 tu |||gr||||#0|||0|tur |
040 _aTR-BiSEU
_btur
_cTR-BiSEU
_erda
041 0 _atur
044 _ctu
050 _aDR589
_b.T36 1977
100 1 _aTansel, Selahattin.
245 1 _aMondros'tan Mudanya'ya kadar I/
_cSelahattin Tansel ; Selâhattin Tansel.
264 1 _aAnkara :
_bBaşbakanlık Kültür Müsteşarlığı Cumhuriyetin 50. Yıldönümü Yayınları
_c1977
300 _a260 sayfa ;
_c25 cm.
336 _ametin
_btxt
_2rdacontent
337 _aaracısız
_bn
_2rdamedia
338 _acilt
_bnc
_2rdacarrier
490 0 _aBaşbakanlık Kültür Müsteşarlığı Cumhuriyetin 50.
490 0 _aYıldönümü Yayınları : 6/3
500 _aDizin var.
650 0 _aKurtuluş savaşı, 1918-1923.
_913571
650 0 _aTürkiye--Tarih Devrim, 1918-1923.
_967982
650 0 _aTurkey--History Revolution, 1918-1923.
_913054
830 0 _aBaşbakanlık Kültür Müsteşarlığı Cumhuriyetin 50.
_913602
830 0 _aYıldönümü Yayınları : 6/3
_967983
907 _aTarih
942 _2lcc
_cBK
999 _c35534
_d35534